000 01643nam0a22003131 4500
001 rc\4682920
005 20260406203536.0
021 _aRU
_b[63-111909]
035 _a(NLR Aleph) 008708985
090 _a9346136
_c9346136
100 _a20130416d1968 |||y0rusy50 ca
101 0 _arus
102 _aRU
105 _ab ac |||||
200 1 _aАстрахань - край литературный
_eБиблиогр. указатель с прил. "Лит. карты Астрах. обл."
_fУпр. кульутры Астрах. облисполкома. Астрах. обл. науч. б-ка им. Н.К. Крупской. Астрах. гос. пед. ин-т им. С.М. Кирова
210 _aАстрахань
_c[Волга]
_d1968
215 _a66 с., 1 л. карт.
_d20
300 _aАвт. указаны на обороте тит. л.
606 _aЛитературная жизнь в Астраханской области
_jБиблиография
_2psbo
606 _aАстраханская область в художественной литературе
_jБиблиография
_2psbo
700 1 _8rus
_7ca
_aПопов
_bВ. И.
_cкраевед, писатель
_gВиктор Иванович
_3RU\NLR\AUTH\77110854
_993779
701 1 _aТравушкин
_bН.С.
_gНиколай Сергеевич
712 0 2 _aАстраханская областная научная библиотека им. Н. К. Крупской
_3RU\NLR\AUTH\889963764
_9423774
801 0 _aRU
_bNLR
_gpsbo
801 1 _aRU
_bELAR
_2rusmarc
852 _aNLR
_j69-4/2855
942 _cBOOK
980 _aNB